|
|
|
|
| LEADER |
01554nam a2200301 a 4500 |
| 001 |
7430 |
| 003 |
BD-DhAAL |
| 005 |
20150818115106.0 |
| 008 |
1500818s1997 nyua b 001 0 eng |
| 010 |
|
|
|a 95026482
|
| 020 |
|
|
|a 0195106938 (acidfree paper)
|
| 040 |
|
|
|a DLC
|c DLC
|d DLC
|d BD-DhAAL
|
| 050 |
0 |
0 |
|a BD21
|b .W36 1997
|
| 082 |
0 |
0 |
|a 100
|2 20
|
| 100 |
1 |
|
|a Washburn, Phil.
|9 13920
|
| 245 |
1 |
0 |
|a Philosophical dilemmas :
|b building a worldview /
|c Phil Washburn.
|
| 260 |
|
|
|a New York :
|b Oxford University Press,
|c 1997.
|
| 300 |
|
|
|a xxiv, 383 p. :
|b ill. ;
|c 24 cm.
|
| 504 |
|
|
|a Includes bibliographical references and index.
|
| 541 |
|
|
|e 7430
|
| 650 |
|
0 |
|a Philosophy
|v Introductions.
|9 13921
|
| 942 |
|
|
|2 ddc
|c BK
|
| 999 |
|
|
|c 35274
|d 35274
|
| 952 |
|
|
|0 0
|1 0
|2 ddc
|4 0
|6 100_000000000000000_WAS
|7 0
|9 55335
|a SCL
|b SCL
|c GEN
|d 2015-08-18
|g 200.00
|l 0
|o 100 WAS
|p 3020007430
|r 2015-08-18
|t 1
|w 2015-08-18
|y BK
|
| 952 |
|
|
|0 0
|1 0
|2 ddc
|4 0
|6 100_000000000000000_WAS
|7 0
|9 55336
|a SCL
|b SCL
|c GEN
|d 2015-08-18
|g 200.00
|l 1
|o 100 WAS
|p 3020007439
|r 2022-12-21
|s 2022-12-18
|t 2
|w 2015-08-18
|y BK
|
| 952 |
|
|
|0 0
|1 0
|2 ddc
|4 0
|6 100_000000000000000_WAS
|7 0
|9 55337
|a SCL
|b SCL
|c GEN
|d 2015-08-18
|g 200.00
|l 2
|m 2
|o 100 WAS
|p 3020007437
|r 2024-11-07
|s 2024-11-03
|t 3
|w 2015-08-18
|y BK
|
| 952 |
|
|
|0 0
|1 0
|2 ddc
|4 0
|6 100_000000000000000_WAS
|7 0
|9 55338
|a SCL
|b SCL
|c GEN
|d 2015-08-18
|g 200.00
|l 1
|m 1
|o 100 WAS
|p 3020007436
|r 2024-11-10
|s 2024-11-08
|t 4
|w 2015-08-18
|y BK
|
| 952 |
|
|
|0 0
|1 0
|2 ddc
|4 0
|6 100_000000000000000_WAS
|7 0
|9 55339
|a SCL
|b SCL
|c GEN
|d 2015-08-18
|g 200.00
|l 1
|o 100 WAS
|p 3020007438
|r 2024-04-02
|s 2024-03-28
|t 5
|w 2015-08-18
|y BK
|